|
|
|
|
| LEADER |
00000caa a2200000 c 4500 |
| 001 |
1941266754 |
| 003 |
DE-627 |
| 005 |
20251216102018.0 |
| 007 |
tu |
| 008 |
251114s2021 xx ||||| 00| ||eng c |
| 020 |
|
|
|a 9781793648815
|
| 035 |
|
|
|a (DE-627)1941266754
|
| 035 |
|
|
|a (DE-599)KXP1941266754
|
| 040 |
|
|
|a DE-627
|b ger
|c DE-627
|e rda
|
| 041 |
|
|
|a eng
|
| 084 |
|
|
|a 2,1
|2 ssgn
|
| 100 |
1 |
|
|a Hoffman, Alecia Dionne
|e VerfasserIn
|0 (DE-588)1348634782
|0 (DE-627)1908874635
|4 aut
|
| 109 |
|
|
|a Hoffman, Alecia Dionne
|
| 245 |
1 |
4 |
|a The intersection of nation-state sovereignty and the violation of human rights
|b an examination of the Uyghurs and human trafficking in the People's Republic of China
|c Alecia D. Hoffman
|
| 264 |
|
1 |
|c 2021
|
| 336 |
|
|
|a Text
|b txt
|2 rdacontent
|
| 337 |
|
|
|a ohne Hilfsmittel zu benutzen
|b n
|2 rdamedia
|
| 338 |
|
|
|a Band
|b nc
|2 rdacarrier
|
| 500 |
|
|
|a Literaturverzeichnis: Seite 260-262
|
| 689 |
0 |
0 |
|d g
|0 (DE-588)4009937-4
|0 (DE-627)104289031
|0 (DE-576)208885382
|a China
|2 gnd
|
| 689 |
0 |
1 |
|d s
|0 (DE-588)4276272-8
|0 (DE-627)104423420
|0 (DE-576)210723971
|a Menschenrechtsverletzung
|2 gnd
|
| 689 |
0 |
2 |
|d s
|0 (DE-588)4125897-6
|0 (DE-627)104665149
|0 (DE-576)20958050X
|a Menschenhandel
|2 gnd
|
| 689 |
0 |
3 |
|d s
|0 (DE-588)4120730-0
|0 (DE-627)105774456
|0 (DE-576)209537477
|a Migration
|2 gnd
|
| 689 |
0 |
4 |
|d s
|0 (DE-588)4002623-1
|0 (DE-627)10639259X
|0 (DE-576)208848010
|a Arbeitnehmer
|2 gnd
|
| 689 |
0 |
5 |
|d s
|0 (DE-588)4061491-8
|0 (DE-627)104252790
|0 (DE-576)209140038
|a Uiguren
|2 gnd
|
| 689 |
0 |
|
|5 (DE-627)
|
| 773 |
0 |
8 |
|i Enthalten in
|t Human trafficking
|d Lanham : Lexington Books, 2021
|g (2021), Seite 241-262
|h xxx, 471 Seiten
|w (DE-627)1779308574
|z 9781793648815
|z 9781793648792
|7 nnam
|
| 773 |
1 |
8 |
|g year:2021
|g pages:241-262
|
| 951 |
|
|
|a AR
|
| ELC |
|
|
|b 1
|
| LOK |
|
|
|0 000 xxxxxcx a22 zn 4500
|
| LOK |
|
|
|0 001 4806061360
|
| LOK |
|
|
|0 003 DE-627
|
| LOK |
|
|
|0 004 1941266754
|
| LOK |
|
|
|0 005 20251114105247
|
| LOK |
|
|
|0 008 251114||||||||||||||||ger|||||||
|
| LOK |
|
|
|0 040
|a DE-2619
|c DE-627
|d DE-2619
|
| LOK |
|
|
|0 092
|o n
|
| LOK |
|
|
|0 852
|a DE-2619
|
| LOK |
|
|
|0 852 1
|9 00
|
| LOK |
|
|
|0 939
|a 14-11-25
|b l01
|
| ORI |
|
|
|a SA-MARC-krimdoka001.raw
|